| 000 | 03073cam a22004937i 4500 | ||
|---|---|---|---|
| 999 |
_c126818 _d126818 |
||
| 001 | 19037286 | ||
| 003 | ARRUPE | ||
| 005 | 20170831141000.0 | ||
| 008 | 160331r20152008miua b 000 0 eng d | ||
| 010 | _a 2016304312 | ||
| 020 |
_a9780310344445 _q(hc) |
||
| 020 |
_a0310344441 _q(hc) |
||
| 035 | _a(OCoLC)ocn907181024 | ||
| 040 |
_aBTCTA _beng _cBTCTA _erda _dBDX _dYDXCP _dJVX _dOCLCO _dVP@ _dOCLCF _dOCLCO _dNYP _dOCLCQ _dDLC |
||
| 042 | _alccopycat | ||
| 050 | 0 | 0 |
_aBV4579.5 _b.B84 2015 |
| 082 | 0 | 4 |
_a248.8/42 _222 |
| 100 | 1 |
_aBuford, Bob, _eauthor. _935348 |
|
| 245 | 1 | 0 |
_aHalftime : _bmoving from success to significance / _cBob Buford. |
| 246 | 3 | _aHalf time : moving from success to significance | |
| 250 | _a20th anniversary edition ; updated and expanded edition. | ||
| 260 |
_aMichigan _bZondervan _c2008 |
||
| 300 |
_a218 p. : _c23 cm |
||
| 500 | _a"Features of this newly updated 20th Anniversary edition include a foreword by Jim Collins, the bestselling author of Good to Great; updated questions for reflection or discussion at the end of the book; an essay by Buford on "The Wisdom of Peter Drucker"; a special note to the reader from the author reflecting on how the halftime movement is growing nationally; and links to outstanding resources."--Back cover. | ||
| 504 | _aIncludes bibliographical references (pages 210-213). | ||
| 505 | 0 | _aThe first half -- Halftime -- The second half. | |
| 520 | _a"Are you ready to move into the second half of your life? Bob Buford believes the second half of your life can be better than the first. Much better. But first, you need time to figure out what you want to do with the rest of your life. In Halftime, Buford focuses on this important time of transition--the time when, as he says, a person moves beyond the first half of the game of life. It's halftime, a time of revitalization and for catching a new vision for living the second half, the half where life can be lived at its most rewarding. As Buford explains, "My passion is to multiply all that God has given me, and in the process, give it back."--Publisher. | ||
| 650 | 0 |
_aMiddle-aged persons _xReligious life. _935222 |
|
| 650 | 0 |
_aMiddle-aged persons _xPsychology _935349 |
|
| 650 | 0 |
_aSelf-realization. _xReligious aspects _xChristianity _935350 |
|
| 700 | 1 |
_aCollins, James C. _q(James Charles), _d1958- _eauthor of foreword. _935351 |
|
| 906 |
_a7 _bcbc _ccopycat _d2 _encip _f20 _gy-gencatlg |
||
| 942 |
_2lcc _cMONOGRAPH |
||